| 000 -ლიდერი |
| ფიქსირებული სიგრძის საკონტროლო ველი |
01141nam a22001937a 4500 |
| 003 - საკონტროლო ნომრის იდენტიფიკატორი |
| საკონტროლო ველი |
Ge_BSU |
| 005 - ბოლო ოპერაციის თარიღი და დრო |
| საკონტროლო ველი |
20260127212953.0 |
| 008 - ფიქსირებული სიგრძის მონაცემთა ელემენტები - ზოგადი ინფორმაცია |
| ფიქსირებული სიგრძის საკონტროლო ველი |
260127s1970 ge ||||| |||| 00| 0 geo d |
| 041 ## - ენის კოდი |
| Language code of text/sound track or separate title |
geo |
| 080 ## - უნივერსალური ათობითი კლასიფიკაციის ინდექსი |
| Universal Decimal Classification number |
657.1:35 ა-77 |
| 100 ## - მთავარი ჩანაწერი - პიროვნების სახელი |
| Personal name |
არბოლიშვილი, ტარიელ |
| 9 (RLIN) |
26746 |
| 245 ## - ცნობა სათაურის შესახებ |
| Title |
ბიუჯეტურ დაწესებულებათა ბუხჰალტრული აღრიცხვა - ანგარიშგების სრულყოფისა და გაუმჯობესების გზები / |
| Statement of responsibility, etc |
ტარიელ არბოლიშვილი. |
| 264 ## - წარმოების, გამოცემის, დისტრიბუციის და სხვა ცნობები |
| გამოცემის, წარმოების, დისტრიბუციის... ადგილი |
თბილისი : |
| გამოცემის, წარმოების, დისტრიბუციის... სახელწოდება |
თბილ. უნ-ტის გამ-ბა, |
| გამოცემის, წარმოების, დისტრიბუციის... თარიღი |
1970. |
| 300 ## - ფიზიკური აღწერა |
| Extent |
305 გვ. : |
| Other physical details |
ცხრილ. და სქემ. ; |
| Dimensions |
26 სმ. |
| 500 ## - ზოგადი შენიშვნა |
| General note |
საგანთა საძიებელი: გვ. 301-304. |
| 504 ## - BIBLIOGRAPHY, ETC. NOTE |
| Bibliography, etc |
ბიბლიოგრაფია: გვ. 295-300. |
| 653 ## - INDEX TERM--UNCONTROLLED |
| Uncontrolled term |
საბუღალტრო აღრიცხვა საბიუჯეტო დაწესებულებებში |
| 942 ## - ADDED ENTRY ELEMENTS (KOHA) |
| Source of classification or shelving scheme |
|
| Koha item type |
წიგნი |